| 000 | 00842nam a2200265Ia 4500 | ||
|---|---|---|---|
| 003 | OSt | ||
| 005 | 20220918170729.0 | ||
| 006 | a|||||r|||| 00| 0 | ||
| 007 | ta | ||
| 008 | 220917b |||||||| |||| 00| 0 eng d | ||
| 020 |
_a9780415780629 (hbk) _c7507.19 |
||
| 024 | _a264,329 | ||
| 037 |
_bBBS/19, 31/07/2012, Better Book Services _cTextual |
||
| 040 |
_aARTS _cARTS _beng |
||
| 041 |
_2eng _aeng |
||
| 082 | _aV49G.N, Q2 | ||
| 100 |
_aDodson Michael S. Ed. _930748 |
||
| 245 | 0 | _aTrans - colonial modernities in South Asia | |
| 260 |
_aLondon _bRoutledge UK _c2012 |
||
| 300 |
_axii, 262p. _ccm. |
||
| 650 | _aHISTORY | ||
| 700 |
_a Hatcher Brian A. Ed. _930749 |
||
| 942 |
_hV49G.N, Q2 _cTEXL _2CC |
||
| 999 |
_c135422 _d135422 |
||